[Event "3rd Open"]
[Site "Patras GRE"]
[Date "2001.07.25"]
[Round "8"]
[White "Bagaturov,G"]
[Black "Kotronias,V"]
[Result "1/2-1/2"]
[WhiteElo "2489"]
[BlackElo "2528"]

1.d4 Nf6 2.c4 e6 3.Nf3 b6 4.g3 Ba6 5.b3 Bb7 6.Bg2 Bb4+ 7.Bd2 a5 8.O-O O-O
9.Qc2 d6 10.a3 Bxd2 11.Nbxd2 Nbd7 12.e4 e5 13.d5 Qe7 14.Nb1 c6 15.dxc6 Bxc6
16.Nc3 Nc5 17.Rfe1 Rfc8 18.Nh4 g6 19.Rad1 Ne6 20.Nd5 Bxd5 21.exd5 Ng7 22.Nf3 Qf8
23.Qb2 Rab8 24.Bh3 Re8 25.Nd2 Nfh5 26.Ne4 h6 27.Nc3 f5 28.Nb5 Rb7 29.b4 axb4
30.axb4 Nf6 31.Ra1 h5 32.Ra7 Rxa7 33.Nxa7 h4 34.Nc6 Ngh5 35.Qa3 Qh6 36.Kg2 Ne4
37.Qe3 Qxe3 38.Rxe3 Ra8 39.Re2 hxg3 40.hxg3 Kg7 41.Kh2 Rh8 42.Ra2 Kf6 43.Kg2 g5
44.Re2 Ra8 45.Bg4 Nexg3 46.fxg3 fxg4 47.c5 bxc5 48.bxc5 dxc5 49.Nxe5 Kf5
50.d6 Nf6 51.Nc6 Kg6 52.Rc2 Nd7 53.Rb2 Ra6 54.Ne7+ Kf7 55.Nc8 Kf6 56.Rf2+ Ke5
57.Rf7 Ra2+ 58.Kf1 Rh2  1/2-1/2

[Event "Dutch Open"]
[Site "Dieren NED"]
[Date "2001.07.26"]
[Round "9"]
[White "Ikonnikov,V"]
[Black "Dgebuadze,A"]
[Result "0-1"]
[WhiteElo "2552"]
[BlackElo "2547"]

1.d4 Nf6 2.Nf3 e6 3.c4 b6 4.g3 Ba6 5.Qa4 Bb7 6.Bg2 c5 7.dxc5 bxc5 8.O-O Be7
9.Nc3 O-O 10.Rd1 d6 11.Bf4 Qb6 12.Qb5 Qc7 13.Rd2 a6 14.Qa4 Nc6 15.Rad1 Nd4
16.Ne1 Bxg2 17.Nxg2 h6 18.f3 Nd7 19.b3 f5 20.Qa3 Bf6 21.Qc1 g5 22.Be3 Nb6
23.Bf2 Rad8 24.Ne1 Nc8 25.e3 Nc6 26.Ne2 Ne5 27.f4 Ng4 28.h3 Nxf2 29.Kxf2 Qc6
30.Nf3 Ne7 31.Rg1 g4 32.hxg4 fxg4 33.Ne1 Bg7 34.Qc2 d5 35.cxd5 exd5 36.Qd3 Nf5
37.Ng2 Nd6 38.Rc2 Ne4+ 39.Ke1 Rfe8 40.Rh1 Qb5 41.Qxb5 axb5 42.Rh4 d4 43.exd4 cxd4
44.Rxg4 d3 45.Rxg7+ Kxg7 46.Rc7+ Kg8  0-1

[Event "ch-Paris Open"]
[Site "Paris FRA"]
[Date "2001.07.26"]
[Round "6"]
[White "Roumegous,M"]
[Black "Pira,D"]
[Result "0-1"]
[WhiteElo "2239"]
[BlackElo "2432"]

1.d4 Nf6 2.Nf3 b6 3.c4 e6 4.g3 Ba6 5.Qc2 Bb7 6.Nbd2 c5 7.e4 cxd4 8.Nxd4 Bc5
9.N4b3 Nc6 10.Bg2 Be7 11.O-O Rc8 12.Qd1 Qc7 13.f4 d6 14.a3 O-O 15.Re1 Rfd8
16.Rb1 a6 17.Nf1 Nb8 18.Nfd2 b5 19.cxb5 axb5 20.Kh1 b4 21.axb4 Qb6 22.Na5 Ba8
23.Ndc4 Qxb4 24.Bd2 Qb5 25.Na3 Qd3 26.Qe2 Bxe4 27.Bxe4 Nxe4 28.Qxd3 Nf2+
29.Kg2 Nxd3 30.Re3 Nc5 31.b4 Na4 32.b5 d5 33.Bb4 Bxb4 34.Rxb4 Nb6 35.Rd3 Rd7
36.Rdb3 Rdc7 37.Nc6 Kf8 38.Nc2 Nxc6 39.bxc6 Nc4 40.Nd4 Na5  0-1

[Event "Keres Mem Open"]
[Site "Tallinn EST"]
[Date "2001.07.28"]
[Round "5"]
[White "Prakken,G"]
[Black "Tsiganova,M"]
[Result "1/2-1/2"]
[WhiteElo "2345"]
[BlackElo "2266"]

1.d4 Nf6 2.Nf3 e6 3.c4 b6 4.g3 Ba6 5.Qa4 Be7 6.Bg2 Bb7 7.O-O O-O 8.Nc3 c5
9.dxc5 Bxc5 10.Bf4 Qe7 11.Rad1 d5 12.cxd5 Nxd5 13.Nxd5 Bxd5 14.Ne5 Bxg2 15.Kxg2 Qb7+
16.Kg1 b5 17.Qb3 a6 18.Qf3 Qxf3 19.exf3 f6 20.Nd3 Bd4 21.Be3 Bxe3 22.fxe3 Rc8
23.Nf4 Kf7 24.Rd6 e5 25.Nd5 Ra7  1/2-1/2

[Event "MTO"]
[Site "Biel SUI"]
[Date "2001.07.29"]
[Round "6"]
[White "Nemet,I"]
[Black "Kunte,A"]
[Result "1/2-1/2"]
[WhiteElo "2427"]
[BlackElo "2547"]

1.d4 Nf6 2.Nf3 e6 3.c4 b6 4.g3 Ba6 5.Nbd2 d5 6.Bg2 Be7 7.O-O O-O 8.Qc2 Bb7
9.Ne5 c5 10.dxc5 Bxc5 11.cxd5 Bxd5 12.e4 Bb7 13.Nb3 Nbd7 14.Nxd7 Nxd7 15.Nxc5 Nxc5
16.Rd1 Qe7 17.b4 Na6 18.a3 Rac8 19.Qe2 Rfd8 20.Bb2 Nc7 21.h4 Ne8 22.Rxd8 Rxd8
23.Rc1 Qd7 24.h5 h6 25.Be5 Qd3 26.Qxd3 Rxd3 27.a4 Ra3 28.Ra1 Rxa1+ 29.Bxa1 Kf8
30.f3 Ke7 31.Kf2 f6 32.Bf1 e5 33.Bc3 Nd6 34.Ke3 Bc6 35.b5 Be8 36.g4 Bf7 37.f4 exf4+
38.Kxf4 Nc4 39.Bb4+ Ke8 40.Be2 Be6 41.Bc3 Kf7 42.Bd4 Ke7 43.Bc3  1/2-1/2

[Event "HZ Open"]
[Site "Vlissingen NED"]
[Date "2001.07.30"]
[Round "4"]
[White "Piket,Je"]
[Black "Janssen,R"]
[Result "1-0"]
[WhiteElo "2630"]
[BlackElo "2437"]

1.d4 Nf6 2.c4 e6 3.Nf3 b6 4.g3 Ba6 5.Nbd2 Bb4 6.Qc2 Bb7 7.Bg2 Be4 8.Qb3 Bxd2+
9.Bxd2 O-O 10.O-O Nc6 11.Rfd1 Rb8 12.Be1 b5 13.cxb5 a6 14.a4 Bd5 15.Qd3 Be4
16.Qc4 Bd5 17.Qc2 axb5 18.a5 Be4 19.Qc1 Qc8 20.Ne5 Bxg2 21.Kxg2 Ne7 22.f3 Qa6
23.Nd3 Rfd8 24.e4 Ne8 25.g4 Ng6 26.h4 Qa8 27.h5 Nf8 28.Bh4 Rdc8 29.b4 Nd6
30.Be7 Re8 31.Bxd6 cxd6 32.Qf4 Qa6 33.Rac1 h6 34.d5 Rbc8 35.dxe6 Rc4 36.Ne5 f6
37.Nxc4  1-0

[Event "Open"]
[Site "Korinthos GRE"]
[Date "2001.07.31"]
[Round "4"]
[White "Ovsejevitsch,S"]
[Black "Bagaturov,G"]
[Result "1/2-1/2"]
[WhiteElo "2529"]
[BlackElo "2489"]

1.d4 Nf6 2.c4 e6 3.Nf3 b6 4.g3 Ba6 5.b3 Bb4+ 6.Bd2 Be7 7.Bg2 c6 8.O-O O-O
9.Qc2 d5 10.Rd1 Nbd7 11.Bf4 Rc8 12.Nc3 c5 13.cxd5 cxd4 14.Nxd4 Nxd5 15.Bxd5 exd5
16.Qb2 Nc5 17.b4 Ne6 18.Be5 Bd6 19.Bxd6 Qxd6 20.b5 Bb7 21.e3 Qe5 22.Nce2 Ng5
23.Qa3 Qe4 24.Nf4 Nf3+ 25.Nxf3 Qxf3 26.Rd4  1/2-1/2

[Event "MTO"]
[Site "Biel SUI"]
[Date "2001.08.02"]
[Round "10"]
[White "Nemet,I"]
[Black "Jenni,F"]
[Result "1/2-1/2"]
[WhiteElo "2427"]
[BlackElo "2461"]

1.d4 Nf6 2.Nf3 e6 3.c4 b6 4.g3 Ba6 5.Nbd2 c5 6.Bg2 Nc6 7.dxc5 bxc5 8.O-O Be7
9.Qa4 Qa5 10.Qxa5 Nxa5 11.b3 Bb7 12.Re1 Ne4 13.Bb2 Bf6 14.Bxf6 gxf6 15.a3 f5
16.b4 Nxd2 17.Nxd2 Bxg2 18.Kxg2 Nb7 19.e4 fxe4 20.Nxe4 Ke7 21.f4 cxb4 22.axb4 Rhc8
23.c5 a5 24.bxa5 Nxc5 25.f5 Nxe4 26.Rxe4 Rc5 27.fxe6 fxe6 28.a6 Ra7 29.Rb4 Kd6
30.h4 Rc6 31.Rba4 Ke5 32.Re1+ Kd5 33.Rd1+ Ke5 34.Rxd7 Rxd7 35.a7 Rc8 36.a8=Q Rxa8
37.Rxa8 Kf5 38.Rf8+ Kg6  1/2-1/2

[Event "Inline Czechia Cup"]
[Site "Olomouc CZE"]
[Date "2001.08.04"]
[Round "4"]
[White "Thorarinsson,P"]
[Black "Kristjansson,S"]
[Result "1/2-1/2"]
[WhiteElo "2149"]
[BlackElo "2380"]

1.d4 e6 2.c4 Nf6 3.Nf3 b6 4.g3 Ba6 5.b3 d5 6.cxd5 exd5 7.Bg2 Bb4+ 8.Bd2 Bd6
9.Nc3 O-O 10.Ne5 Bb7 11.f4 c5 12.e3 Nbd7 13.O-O Rc8 14.Qb1 Qe7 15.Qf5  1/2-1/2

[Event "HZ Open"]
[Site "Vlissingen NED"]
[Date "2001.08.04"]
[Round "9"]
[White "Piket,Je"]
[Black "Romanishin,O"]
[Result "1/2-1/2"]
[WhiteElo "2630"]
[BlackElo "2579"]

1.d4 Nf6 2.c4 e6 3.Nf3 b6 4.g3 Ba6 5.Qa4 Be7 6.Nc3 O-O 7.Bg2 c6 8.Ne5 Qe8
9.Bg5 d5 10.cxd5 cxd5 11.Qxe8  1/2-1/2

[Event "It"]
[Site "Nikolaev UKR"]
[Date "2001.08.05"]
[Round "5"]
[White "Bets,A"]
[Black "Itkis,B"]
[Result "1/2-1/2"]
[WhiteElo "2402"]
[BlackElo "2455"]

1.d4 Nf6 2.c4 e6 3.Nf3 b6 4.g3 Ba6 5.b3 Bb7 6.Bg2 Bb4+ 7.Bd2 a5 8.a3 Bxd2+
9.Nbxd2 O-O 10.O-O c5 11.Qc2 Nc6  1/2-1/2

[Event "FSIMB August"]
[Site "Budapest HUN"]
[Date "2001.08.07"]
[Round "4"]
[White "Seres,L"]
[Black "Schneider Zinner,H"]
[Result "1-0"]
[WhiteElo "2427"]
[BlackElo "2329"]

1.d4 e6 2.c4 Nf6 3.Nf3 b6 4.g3 Ba6 5.Qa4 Bb7 6.Bg2 c5 7.dxc5 Bxc5 8.O-O O-O
9.Nc3 Ne4 10.Nxe4 Bxe4 11.Rd1 Qc8 12.Bf4 Rd8 13.Rac1 Qc6 14.Qxc6 Nxc6 15.Bc7 Rdc8
16.Rxd7 Nb4 17.Bf4 Bc6 18.Ne5 Bxd7 19.Bxa8 Rxa8 20.Nxd7 Bd4 21.Bd2 Nxa2 22.Ra1 Rd8
23.e3 Bf6 24.Nxf6+ gxf6 25.Be1  1-0

[Event "7th Stage Russian Cup"]
[Site "Togliatty RUS"]
[Date "2001.08.08"]
[Round "1"]
[White "Burmakin,V"]
[Black "Alikhanov,F"]
[Result "1-0"]
[WhiteElo "2593"]
[BlackElo "2326"]

1.d4 Nf6 2.Nf3 b6 3.c4 e6 4.g3 Ba6 5.b3 Bb4+ 6.Bd2 Be7 7.Bg2 c6 8.Bc3 d5
9.Nbd2 Nbd7 10.Qc2 O-O 11.e4 dxe4 12.Nxe4 Rc8 13.Ne5 Nd5 14.O-O Nxc3 15.Qxc3 f5
16.Nd2 Nxe5 17.dxe5 c5 18.Rfd1 Qc7 19.a4 Bb7 20.a5 Bxg2 21.Kxg2 g5 22.h3 Rcd8
23.axb6 axb6 24.Nf3 Rd7 25.Qe3 Rxd1 26.Rxd1 Qc6 27.Kg1 f4 28.gxf4 Rxf4 29.Nh2 Kf7
30.f3 h5 31.Kg2 Rf5 32.Qd3 Qc7 33.Nf1 g4 34.hxg4 hxg4 35.fxg4 Qc6+ 36.Kg3  1-0

[Event "US Open"]
[Site "Framingham USA"]
[Date "2001.08.09"]
[Round "6"]
[White "Benen,S"]
[Black "Kalinin,Al"]
[Result "0-1"]
[WhiteElo "2225"]
[BlackElo "2512"]

1.d4 Nf6 2.c4 e6 3.Nf3 b6 4.g3 Ba6 5.b3 Bb4+ 6.Bd2 Be7 7.Bg2 c6 8.Qc2 d5
9.O-O Nbd7 10.Rd1 O-O 11.Nc3 b5 12.Ne5 Nxe5 13.dxe5 Nd7 14.cxb5 cxb5 15.e4 d4
16.Ne2 Nxe5 17.Bf4 d3 18.Qb2 Ng6 19.e5 b4 20.Nd4 Nxf4 21.gxf4 Bc5 22.Nc6 Qb6
23.Rac1 Rfc8  0-1

[Event "US Open"]
[Site "Framingham USA"]
[Date "2001.08.12"]
[Round "9"]
[White "Rubenchik,R"]
[Black "Epstein,E"]
[Result "1-0"]
[WhiteElo "2316"]
[BlackElo "2185"]

1.d4 Nf6 2.c4 e6 3.Nf3 b6 4.g3 Ba6 5.b3 Bb4+ 6.Bd2 Be7 7.Bg2 c6 8.Bc3 d5
9.Ne5 Nfd7 10.Nxd7 Nxd7 11.Nd2 Rc8 12.O-O O-O 13.e4 dxe4 14.Nxe4 Nf6 15.Re1 Nxe4
16.Bxe4 Bf6 17.Qc2 Bxd4 18.Bxd4 Qxd4 19.Rad1 Qf6 20.Rd7 Rcd8 21.Rxa7 Bc8
22.Bxh7+ Kh8 23.Be4 e5 24.Qe2 g6 25.Qf3 Bf5 26.g4 Qg5 27.Bxf5 gxf5 28.Qxf5 Qxf5
29.gxf5 Ra8 30.Rxa8 Rxa8 31.a4 Ra5 32.Kg2 e4 33.Rxe4 Rxf5 34.Re8+ Kg7 35.Rb8  1-0

[Event "TCh-Rep. Srpska"]
[Site "Jahorina BIH"]
[Date "2001.08.13"]
[Round "3"]
[White "Lakic,N"]
[Black "Prelevic,D"]
[Result "1-0"]
[WhiteElo "2326"]
[BlackElo "2359"]

1.d4 Nf6 2.Nf3 e6 3.c4 b6 4.g3 Ba6 5.b3 b5 6.cxb5 Bxb5 7.Bg2 Bc6 8.O-O a5
9.Bg5 Qc8 10.Bxf6 gxf6 11.Nc3 d5 12.a3 Qb7 13.Ne1 Ra6 14.Nd3 Rb6 15.Na4 Bxa4
16.bxa4 Nd7 17.Qc2 f5 18.Rfc1 Bd6 19.f3 Ke7 20.Qd2 Qa7 21.Qg5+ Nf6 22.Kh1 Qa8
23.Qh4 Qg8 24.Rf1 h6 25.e4  1-0

[Event "ch-FRA High Pool"]
[Site "Marsailles FRA"]
[Date "2001.08.13"]
[Round "8"]
[White "Bauer,Ch"]
[Black "Sokolov,And"]
[Result "1/2-1/2"]
[WhiteElo "2576"]
[BlackElo "2604"]

1.d4 Nf6 2.c4 e6 3.Nf3 b6 4.g3 Ba6 5.b3 Bb4+ 6.Bd2 Be7 7.Bc3 d5 8.Nbd2 c5
9.Bg2 O-O 10.cxd5 Nxd5 11.Bb2 Nc6 12.dxc5 Bxc5 13.O-O Rc8 14.Ne4 Be7 15.Nd4 Ndb4
16.Nxc6 Nxc6 17.Rc1 Qxd1 18.Rfxd1 Bxe2 19.Rd2 Ba6 20.Nd6 Rfd8 21.Rcd1 Bxd6
22.Rxd6 Rxd6 23.Rxd6 Nb4 24.Rd7 h6 25.Rxa7 Bd3 26.h3 Rc2 27.Bd4 Nxa2 28.Bxb6 Nb4
29.Rd7 Nd5 30.Bd4 Rc1+ 31.Kh2 Rb1 32.Rb7 Bc2 33.Bc5 Rxb3 34.Rxb3 Bxb3 35.Bxd5  1/2-1/2

[Event "TCh-ESP Div 2"]
[Site "Vila Real ESP"]
[Date "2001.08.13"]
[Round "1"]
[White "Medina,J ESP"]
[Black "Pinero Fernandez,X"]
[Result "0-1"]
[WhiteElo "2130"]
[BlackElo "2191"]

1.d4 e6 2.c4 b6 3.Nf3 Nf6 4.g3 Ba6 5.b3 Bb4+ 6.Bd2 Be7 7.Bg2 c6 8.O-O O-O
9.Bc3 d5 10.Nbd2 Nbd7 11.Re1 c5 12.e4 Rc8 13.e5 Ne8 14.cxd5 exd5 15.Qb1 Nc7
16.Qf5 Ne6 17.Rac1 g6 18.Qb1 Nb8 19.Nf1 Nc6 20.Qb2 b5 21.dxc5 Bxc5 22.b4 Bb6
23.a3 d4 24.Bd2 Qe7 25.h4 d3 26.Ng5 Ncd4 27.Rxc8 Rxc8 28.Ne4 Rc2 29.Qb1 Bb7
30.Re3 Qc7 31.Rxd3 Qxe5 32.Re3 Qc7 33.Re1 f5 34.Nf6+ Kf7 35.Nd5 Qd6 36.Nde3 Rc7
37.Bxb7 Rxb7 38.Nh2 f4 39.Qe4 Re7 40.Nd5 fxg3 41.Ng4 gxf2+ 42.Kxf2 Nf5+ 43.Nxb6 Qxd2+
44.Re2 Qd4+ 45.Qxd4 Nexd4 46.Rxe7+ Kxe7 47.Nd5+ Kd6 48.Nde3 Nxh4  0-1

[Event "Strange Badger"]
[Site "Bucharest ROM"]
[Date "2001.08.14"]
[Round "10"]
[White "Jianu,V"]
[Black "Trajkovic,P"]
[Result "1/2-1/2"]
[WhiteElo "2402"]
[BlackElo "2360"]

1.d4 Nf6 2.Nf3 e6 3.c4 b6 4.g3 Ba6 5.Qc2 Bb7 6.Bg2 c5 7.dxc5 bxc5 8.O-O Qb6
9.Nc3 Be7 10.e4 d6 11.e5 dxe5 12.Nxe5 Bxg2 13.Kxg2 O-O 14.Be3 Nbd7 15.Nxd7 Nxd7
16.b3 Bf6 17.Rad1 Bd4 18.Qd2 e5 19.Nd5 Qd6 20.f4 f6 21.fxe5 fxe5 22.Qd3 Nf6
23.Nxf6+ Rxf6  1/2-1/2

[Event "TCh-Rep. Srpska"]
[Site "Jahorina BIH"]
[Date "2001.08.14"]
[Round "4"]
[White "Tosic,M"]
[Black "Vojinovic,G"]
[Result "1/2-1/2"]
[WhiteElo "2497"]
[BlackElo "2463"]

1.d4 Nf6 2.c4 e6 3.Nf3 b6 4.g3 Ba6 5.b3 b5 6.cxb5 Bxb5 7.Bg2 Bc6 8.O-O Qc8
9.Ba3 Bxa3 10.Nxa3 O-O 11.Qd2 Bd5 12.Rfc1 Nc6 13.Nc4 Qb7 14.Na5 Nxa5 15.Qxa5 Rfc8
16.Ne1 Qb6 17.Qxb6 cxb6 18.f3 Kf8 19.e4 Bb7 20.Bf1 Ke7 21.Ng2 Rxc1 22.Rxc1 Rc8
23.Rxc8 Bxc8 24.Bd3 h6 25.Ne3 Bb7 26.Kf2 Ne8 27.Ke2 Nc7 28.Kd2 f5 29.b4 fxe4
30.fxe4 d6 31.a3 d5 32.e5 Bc6 33.Nd1 Nb5 34.Bxb5 Bxb5 35.Nc3 Bc4 36.Kc2 Kf7
37.Nd1 Kg6 38.Ne3 Bb5 39.Kb3 Bd3 40.a4 a5 41.Kc3 Be2 42.Kd2 Ba6 43.b5 Bc8
44.Ng2 Kf7 45.Nf4 Bd7  1/2-1/2

[Event "TCh-Rep. Srpska"]
[Site "Jahorina BIH"]
[Date "2001.08.15"]
[Round "5"]
[White "Stojanovic,Zo"]
[Black "Prelevic,D"]
[Result "1/2-1/2"]
[WhiteElo "2351"]
[BlackElo "2359"]

1.d4 Nf6 2.c4 e6 3.Nf3 b6 4.g3 Ba6 5.Qa4 c5 6.Bg2 Bb7 7.dxc5 Bxc5 8.O-O O-O
9.Nc3 Be7 10.Rd1 d6 11.Bf4 a6 12.Rd2 Qc7 13.Qd1 Rd8 14.Rc1 h6 15.h3 Ne8 16.Na4 Nd7
17.b4 e5 18.Be3 Rac8 19.Rb2 Ba8 20.Qb3 Qb8 21.Nc3 Nef6 22.Rbc2 b5  1/2-1/2

[Event "TCh-Rep. Srpska"]
[Site "Jahorina BIH"]
[Date "2001.08.15"]
[Round "5"]
[White "Ilincic,Z"]
[Black "Benkovic,P"]
[Result "1-0"]
[WhiteElo "2546"]
[BlackElo "2414"]

1.d4 Nf6 2.c4 e6 3.Nf3 b6 4.g3 Ba6 5.Qa4 c5 6.Bg2 Bb7 7.O-O cxd4 8.Nxd4 Bxg2
9.Kxg2 Qc7 10.Rd1 a6 11.Nc3 Be7 12.f3 Qb7 13.Bf4 O-O 14.Rd2 Nh5 15.Bxb8 Raxb8
16.Nf5 Bf6 17.Nd6 Qa8 18.Nce4 Rfd8 19.Rad1 Be7 20.g4 Nf4+ 21.Kg3 Ng6 22.a3 Ne5
23.h4 Rf8 24.Qb3 f5 25.gxf5 exf5 26.Ng5 Kh8 27.Qc3 Bf6 28.Qc2 g6 29.Rd5 h6
30.Nh3 Qc6 31.Nf4 Qc7 32.Kh3 Rg8 33.h5 g5 34.Qxf5 Rbf8 35.Rxe5 gxf4 36.Re8 Qc5
37.Rxf8 Qxf5+ 38.Nxf5 Rxf8 39.b3 Be5 40.Nxh6 d6 41.Ng4  1-0

[Event "7th Stage Russian Cup"]
[Site "Togliatty RUS"]
[Date "2001.08.15"]
[Round "8"]
[White "Shinkevich,V"]
[Black "Iljin,A"]
[Result "1/2-1/2"]
[WhiteElo "2456"]
[BlackElo "2272"]

1.Nf3 Nf6 2.c4 b6 3.d4 e6 4.g3 Ba6 5.b3 Bb4+ 6.Bd2 Be7 7.Bg2 c6 8.Bc3 d5
9.Ne5 Nfd7 10.Nxd7 Nxd7 11.Nd2 O-O 12.O-O Rc8 13.e4 c5 14.exd5 exd5 15.dxc5 dxc4
16.c6 cxb3 17.Re1 b2 18.Bxb2 Nc5 19.Nc4 Bxc4 20.Qg4 Bg5 21.Qxc4 Nd3  1/2-1/2

[Event "TCh-Rep. Srpska"]
[Site "Jahorina BIH"]
[Date "2001.08.17"]
[Round "7"]
[White "Ilincic,Z"]
[Black "Kovacevic,A"]
[Result "1-0"]
[WhiteElo "2546"]
[BlackElo "2545"]

1.d4 Nf6 2.c4 e6 3.Nf3 b6 4.g3 Ba6 5.Qa4 Bb7 6.Bg2 c5 7.O-O cxd4 8.Nxd4 Qc8
9.Rd1 a6 10.Nc3 Bxg2 11.Kxg2 Be7 12.f3 O-O 13.Bf4 Qb7 14.Rd2 Rc8 15.Rad1 Nh5
16.Be3 d6 17.Nc2 Nd7 18.Ne4 Ne5 19.Nxd6 Bxd6 20.Rxd6 b5 21.cxb5 axb5 22.Qd4 Nc6
23.Qb6 Qxb6 24.Bxb6 Nf6 25.Nd4 Nb4 26.Nxb5 Nbd5 27.Bd4 Rxa2 28.Rc1 Rb8 29.e4 Ne7
30.Rc7 Ng6 31.Ra7 Rxa7 32.Nxa7 h5 33.Nc6 Rb7 34.b4 Nd7 35.Na5 Rc7 36.Rc6  1-0

[Event "TCh-Rep. Srpska"]
[Site "Jahorina BIH"]
[Date "2001.08.17"]
[Round "7"]
[White "Abramovic,B"]
[Black "Benkovic,P"]
[Result "0-1"]
[WhiteElo "2502"]
[BlackElo "2414"]

1.d4 Nf6 2.c4 e6 3.Nf3 b6 4.g3 Ba6 5.b3 Bb4+ 6.Bd2 Be7 7.Bg2 c6 8.O-O d5
9.Ne5 O-O 10.Bc3 Nfd7 11.Nxd7 Nxd7 12.Nd2 Rc8 13.Re1 c5 14.cxd5 exd5 15.Rc1 Bb7
16.e4 cxd4 17.Bxd4 Rxc1 18.Qxc1 dxe4 19.Nxe4 Bxe4 20.Bxe4 Nc5 21.Qc3 Ne6
22.Be3 Bf6 23.Qc2 g6 24.Rd1 Qe7 25.Qc6 Rd8 26.Rxd8+ Nxd8 27.Qd5 Kg7 28.h4 Ne6
29.Kg2 h5 30.Qb7 Qxb7 31.Bxb7 Kf8 32.Kf3 Ke7 33.Bd5 Nd4+ 34.Kg2 Nc2 35.Bd2 Be5
36.a4 Nd4 37.Bc4 Ne6 38.Kf3 Nc5 39.Ke2 a6 40.Be3 a5 41.f3 Bxg3 42.b4 Nxa4
43.bxa5 bxa5 44.f4 Bxh4 45.Bb3 Nc3+ 46.Kd3 Bf6 47.Bb6 a4 48.Bc5+ Ke8 49.Bc2 Kd8
50.Bb4 Nd5 51.Bd2 a3 52.Bb3 Nxf4+ 53.Bxf4 Ke7 54.Ke4 Bb2 55.Bg5+ f6 56.Bh4 Kd6
57.Be1 f5+ 58.Kd3 Ke5 59.Ba5 f4 60.Bc7+ Kf5 61.Bd6 h4 62.Ke2 g5 63.Bc2+ Kg4
64.Bb3 h3 65.Kf2 Bd4+ 66.Kf1 f3  0-1

[Event "ch-AUT women"]
[Site "Mureck AUT"]
[Date "2001.08.18"]
[Round "10"]
[White "Mira,H"]
[Black "Horvath,Maria"]
[Result "1/2-1/2"]
[WhiteElo "2122"]
[BlackElo "2053"]

1.d4 Nf6 2.Nf3 e6 3.c4 b6 4.g3 Ba6 5.Qc2 d5 6.Nbd2 Bb7 7.Bg2 Be7 8.Ne5 c6
9.cxd5 cxd5 10.Qa4+ Nfd7 11.Ndf3 f6 12.Nd3 Na6 13.Bh3 Kf7 14.Bd2 g5 15.Bg2 Rc8
16.Bc3 Bd6 17.Nd2 f5 18.Nf3 Qe7 19.Nxg5+ Qxg5 20.Qxd7+ Qe7 21.Qxe7+ Kxe7
22.Kd2 Rhg8 23.Bf3 Bc6 24.a3 Bb5 25.Nf4 Bxf4+ 26.gxf4 Rg6 27.Rhg1 Rcg8 28.Rg3 Kf8
29.Rag1 Be8 30.Rg5 h6 31.Rxg6 Bxg6 32.e3 Kf7 33.Be2 Nb8 34.Bb4 Rc8 35.Bd6 Nd7
36.Ba6 Rc6 37.Bb4 Nf6 38.f3 Bh5 39.Bb5 Rc8 40.Be2 Bg6 41.Bb5 Bh5 42.Be2 Rc6
43.Bc3 Rc7 44.Ke1 Ne8 45.Kf2 Nf6 46.Bd3 Bg6 47.Bb4 Rc6 48.a4 a5 49.Ba3 Ne8
50.Re1 Nf6 51.Re2 Kg7 52.Bb5 Rc8 53.Bd6 Be8 54.Bxe8 Nxe8 55.Be5+ Kf7 56.e4 Rc4
57.exd5 exd5 58.b3 Rc3 59.Re3 Rc2+ 60.Re2 Rc3 61.Rb2 Nf6 62.b4 axb4 63.Rxb4 Nd7
64.Rb5 Ke6 65.a5 bxa5 66.Rxa5 Rc6 67.Kg3 Nb6 68.Ra6 Kd7 69.Ra7+ Kd8 70.h4 Rg6+
71.Kf2 Rc6 72.h5 Nd7 73.Ra8+ Ke7 74.Kg3 Nf8 75.Ra7+ Nd7 76.Ra5 Ke6 77.Ra8 Kf7
78.Rh8 Nf8 79.Kf2 Ra6 80.Ke2 Ra2+ 81.Kd1 Ra1+ 82.Kc2 Ra6 83.Kb3 Rc6 84.Kb4 Rc4+
85.Kb5 Ne6 86.Rh7+ Kg8 87.Rxh6 Nxd4+ 88.Bxd4  1/2-1/2

[Event "TCh-Rep. Srpska"]
[Site "Jahorina BIH"]
[Date "2001.08.19"]
[Round "9"]
[White "Talic,M"]
[Black "Ilic,S"]
[Result "1/2-1/2"]
[WhiteElo "2275"]
[BlackElo "2223"]

1.d4 Nf6 2.c4 e6 3.Nf3 b6 4.g3 Ba6 5.Nbd2 Be7 6.Bg2 c6 7.O-O O-O 8.Ne5 d5
9.b3 Nfd7 10.Nxd7 Nxd7 11.e4 Rc8 12.Bb2 Bb4 13.Rc1 Qe7 14.Nb1 dxc4 15.bxc4 Rfd8
16.Qb3  1/2-1/2

[Event "Rubinstein Open"]
[Site "Polanica Zdroj POL"]
[Date "2001.08.21"]
[Round "6"]
[White "Tihonov,J"]
[Black "Anuszkiewicz,K"]
[Result "1-0"]
[WhiteElo "2393"]
[BlackElo "2257"]

1.d4 Nf6 2.c4 e6 3.Nf3 b6 4.g3 Ba6 5.Qc2 Bb7 6.Nc3 c5 7.e4 cxd4 8.Nxd4 d6
9.Be3 Nbd7 10.Rd1 a6 11.Be2 Be7 12.O-O Qc7 13.Qb1 O-O 14.Kh1 Rac8 15.f4 Rfe8
16.Nf3 g6 17.Bg1 Bd8 18.Ng5 Be7 19.f5 h6 20.fxg6 hxg5 21.gxf7+ Kxf7  1-0

[Event "ADCF Masters"]
[Site "Abu Dhabi UAE"]
[Date "2001.08.28"]
[Round "4"]
[White "Magerramov,E"]
[Black "Salem,Gh"]
[Result "1/2-1/2"]
[WhiteElo "2555"]
[BlackElo "2295"]

1.d4 Nf6 2.c4 e6 3.Nf3 b6 4.g3 Ba6 5.b3 Bb4+ 6.Bd2 Be7 7.Bg2 c6 8.Bc3 d5
9.Nbd2 Nbd7 10.O-O O-O 11.Re1 c5 12.e4 dxc4 13.Nxc4 Bb7 14.Nfe5 cxd4 15.Bxd4 b5
16.Nxd7 Nxd7 17.Ne5 Bb4 18.Rf1 Nxe5 19.Bxe5 f6 20.Bb2 Rc8 21.Qe2 a6 22.Rfd1 Qe7
23.h4 f5 24.exf5 Bxg2 25.Kxg2 Rxf5 26.Qe4 Rcf8 27.f4 e5 28.Bxe5 Bc3  1/2-1/2

[Event "Schwarzach Open A"]
[Site "Salzburg AUT"]
[Date "2001.08.31"]
[Round "7"]
[White "Schmidlechner,A"]
[Black "Kniest,O"]
[Result "1/2-1/2"]
[WhiteElo "2211"]
[BlackElo "2317"]

1.d4 e6 2.c4 b6 3.Nf3 Nf6 4.g3 Ba6 5.b3 Bb4+ 6.Bd2 Be7 7.Bg2 Bb7 8.O-O O-O
9.Bc1 d5 10.Nbd2 c5 11.Bb2 Nc6 12.dxc5 Bxc5 13.Ne5 Nxe5 14.Bxe5 Be7 15.Bb2 Rc8
16.Rc1 Rc7 17.cxd5 Nxd5  1/2-1/2

[Event "EYCC G18"]
[Site "Halkidiki GRE"]
[Date "2001.09.01"]
[Round "2"]
[White "Djuric,Ve"]
[Black "Grapsa,G"]
[Result "1/2-1/2"]
[WhiteElo "2015"]
[BlackElo "2057"]

1.d4 Nf6 2.c4 e6 3.Nf3 b6 4.g3 Ba6 5.b3 Bb4+ 6.Bd2 Be7 7.Bg2 d5 8.Ne5 O-O
9.Bc3 c6 10.Nd2 Nfd7 11.Nxd7 Nxd7 12.O-O Rc8 13.e4 Bb7 14.Qe2 Re8 15.f4 dxe4
16.Nxe4 Nf6 17.Rad1 Qc7 18.Qb2 Nxe4 19.Bxe4 Bf6 20.Rd3 Red8 21.Rfd1 c5 22.Bxb7 Qxb7
23.dxc5 Rxd3 24.Rxd3 Bxc3 25.Qxc3 bxc5 26.Qd2 h6 27.Rd7 Qb6 28.Qd1 a5 29.Qh5 Rf8
30.Qf3 Rb8 31.Qh5 Rf8 32.Qe5 a4 33.Rd3 axb3 34.axb3 Rd8 35.Rxd8+ Qxd8 36.Qxc5 Qd1+
37.Kg2 Qxb3 38.Qd4 Qc2+ 39.Kh3 h5 40.Qc5 Qe2 41.Qe5 Qxc4 42.Qxh5 Qe4  1/2-1/2

[Event "III Sants Hostafrancs Open"]
[Site "Barcelona ESP"]
[Date "2001.09.03"]
[Round "3"]
[White "Arkell,K"]
[Black "Maalla,A"]
[Result "1-0"]
[WhiteElo "2431"]
[BlackElo "2133"]

1.d4 Nf6 2.Nf3 e6 3.c4 b6 4.g3 Ba6 5.b3 Bb4+ 6.Bd2 Bxd2+ 7.Qxd2 d5 8.cxd5 exd5
9.Nc3 O-O 10.Bg2 Qd6 11.O-O Nbd7 12.Qf4 Qxf4 13.gxf4 c6 14.Ne5 Rac8 15.Rfd1 Nb8
16.Rac1 Nh5 17.e3 f6 18.Nd3 g6 19.b4 Bxd3 20.Rxd3 b5 21.Nb1 h6 22.Nd2 g5
23.fxg5 hxg5 24.Nb3 f5 25.Na5 f4 26.Nxc6 Kg7 27.Bxd5 fxe3 28.fxe3 Nf6 29.Bg2  1-0

[Event "TCh-YUG"]
[Site "Herceg Novi YUG"]
[Date "2001.09.06"]
[Round "4"]
[White "Antic,D"]
[Black "Zontakh,A"]
[Result "1/2-1/2"]
[WhiteElo "2474"]
[BlackElo "2518"]

1.d4 Nf6 2.c4 e6 3.Nf3 b6 4.g3 Ba6 5.b3 Bb7 6.Bg2 Bb4+ 7.Bd2 a5 8.O-O O-O
9.Nc3 d6 10.Qc2 Nbd7 11.Rfe1 Bxc3 12.Bxc3 Be4 13.Qd1 a4 14.Bf1 c5 15.Nd2 Bb7
16.e4 cxd4 17.Bxd4 axb3 18.axb3 Qc7 19.f3 e5 20.Bf2 Rxa1 21.Qxa1 Nc5 22.Qb2 Nfd7
23.b4 Ne6 24.Qc3 Nb8 25.Qe3 Nc6 26.Qxb6 Qxb6 27.Bxb6 Nxb4 28.Rb1 Nc6 29.Be3  1/2-1/2

[Event "TCh-YUG"]
[Site "Herceg Novi YUG"]
[Date "2001.09.08"]
[Round "6"]
[White "Zivanic,M"]
[Black "Kovacevic,A"]
[Result "1/2-1/2"]
[WhiteElo "2416"]
[BlackElo "2545"]

1.d4 Nf6 2.c4 e6 3.Nf3 b6 4.g3 Ba6 5.b3 b5 6.cxb5 Bxb5 7.Bg2 d5 8.O-O Nbd7
9.Ba3 Bd6 10.Qc2 a5 11.Rc1 O-O 12.Qb2 Qb8 13.Nc3 Ba6 14.Rc2 Rc8  1/2-1/2

[Event "TCh-CRO"]
[Site "Pula CRO"]
[Date "2001.09.12"]
[Round "3"]
[White "Dizdar,G"]
[Black "Kurajica,B"]
[Result "1/2-1/2"]
[WhiteElo "2537"]
[BlackElo "2566"]

1.d4 Nf6 2.Nf3 e6 3.c4 b6 4.g3 Ba6 5.Nbd2 d5 6.Bg2 Bb7 7.O-O Be7 8.Ne5 O-O
9.Qc2 Na6 10.cxd5 Nxd5 11.Nc6 Nab4 12.Nxe7+ Nxe7 13.Qc4 Bxg2 14.Kxg2 Qd5+
15.Qxd5 Nbxd5 16.Nf3 Rac8 17.Bd2 c5 18.dxc5 Rxc5 19.e4 Nf6 20.Bb4 Rc7 21.Rac1 Rfc8
22.Rxc7 Rxc7 23.Rd1 h6 24.Rd8+ Kh7 25.Bd6 Rb7 26.Nd2 Nc6 27.Rc8 Ne7 28.Rd8 Nc6
29.Rc8 Ne7 30.Rd8  1/2-1/2

[Event "6th ECCW"]
[Site "Belgrade YUG"]
[Date "2001.09.16"]
[Round "1"]
[White "Alexandrova,O"]
[Black "Bojkovic,N"]
[Result "1/2-1/2"]
[WhiteElo "2387"]
[BlackElo "2452"]

1.d4 Nf6 2.c4 e6 3.Nf3 b6 4.g3 Ba6 5.Qc2 Bb7 6.Bg2 c5 7.d5 exd5 8.cxd5 Bxd5
9.Nc3 Bc6 10.O-O Be7 11.Rd1 d6 12.e4 Qc7 13.Nh4 g6 14.b4 Nbd7 15.Bb2 O-O
16.Nd5 Bxd5 17.exd5 Rfe8 18.Nf5 gxf5 19.Qxf5 Bf8 20.Bxf6 Nxf6 21.Qxf6 Bg7
22.Qg5 Qe7 23.Qxe7 Rxe7 24.Rab1 Re2 25.a4 Bd4 26.bxc5 bxc5 27.Rb7 Rae8 28.Bf1 Ra2
29.Rxa7 Bxf2+ 30.Kh1 Rb8 31.Bc4 Rc2  1/2-1/2

[Event "TCh-CRO"]
[Site "Pula CRO"]
[Date "2001.09.16"]
[Round "7"]
[White "Pinter,J"]
[Black "Stohl,I"]
[Result "1/2-1/2"]
[WhiteElo "2550"]
[BlackElo "2533"]

1.d4 Nf6 2.c4 e6 3.Nf3 b6 4.g3 Ba6 5.b3 Bb4+ 6.Bd2 Be7 7.Bg2 c6 8.Bc3 d5
9.Nbd2 Nbd7 10.O-O O-O 11.Re1 c5 12.e4 dxe4 13.Nxe4 Bb7 14.Ne5 Nxe4  1/2-1/2